Click Fast to Build the Contiguous United States - Statistics

General Stats
  • This quiz has been taken 436 times
  • The average score is 26 of 49
Answers on the Map
Answers color-coded by a green-red scale on the quiz's map according to % correct below.
 
Answer Stats
Answer % Correct
California
93%
Texas
93%
New Mexico
91%
Washington
91%
Nevada
90%
Arizona
84%
Oklahoma
84%
Utah
82%
Louisiana
81%
Idaho
76%
Minnesota
76%
Colorado
75%
Montana
74%
North Dakota
74%
Michigan
70%
Wisconsin
70%
New York
69%
Maine
68%
New Hampshire
68%
Pennsylvania
68%
Alabama
62%
Illinois
60%
Arkansas
59%
Oregon
58%
Florida
57%
Ohio
55%
Mississippi
51%
Georgia
49%
Wyoming
45%
Tennessee
44%
South Dakota
43%
Vermont
40%
Kentucky
37%
Indiana
35%
South Carolina
31%
Virginia
30%
West Virginia
29%
Massachusetts
28%
Kansas
25%
Maryland
23%
Connecticut
19%
Iowa
17%
Delaware
14%
Missouri
13%
Nebraska
12%
Washington, DC
12%
North Carolina
11%
Rhode Island
10%
New Jersey
8%
No matching quizzes found
Score Distribution
Percent of People with Each Score
Percentile by Number Answered
Your Score History
You have not taken this quiz